|
|
|
|
| LEADER |
01797nam a2200445 i 4500 |
| 001 |
EBC4520176 |
| 003 |
MiAaPQ |
| 005 |
20200520144314.0 |
| 006 |
m o d | |
| 007 |
cr cnu|||||||| |
| 008 |
160629t20142014ii o 000 0 eng d |
| 020 |
|
|
|z 9788132119708
|
| 020 |
|
|
|a 9789351501329
|q (electronic bk.)
|
| 035 |
|
|
|a (MiAaPQ)EBC4520176
|
| 035 |
|
|
|a (Au-PeEL)EBL4520176
|
| 035 |
|
|
|a (CaPaEBR)ebr11221684
|
| 035 |
|
|
|a (CaONFJC)MIL902662
|
| 035 |
|
|
|a (OCoLC)951974701
|
| 040 |
|
|
|a MiAaPQ
|b eng
|e rda
|e pn
|c MiAaPQ
|d MiAaPQ
|
| 050 |
|
4 |
|a HD58.8
|b .S533 2014
|
| 082 |
0 |
|
|a 658.4/06
|2 23
|
| 100 |
1 |
|
|a Siddiqui, Moid,
|d 1944-
|e author.
|
| 245 |
1 |
4 |
|a The acrobatics of change :
|b concepts, techniques, strategies and execution /
|c Moid Siddiqui, R.H. Khwaja.
|
| 250 |
|
|
|a Second edition.
|
| 264 |
|
1 |
|a New Delhi, India :
|b Sage,
|c 2014.
|
| 264 |
|
4 |
|c 2014
|
| 300 |
|
|
|a 1 online resource (291 pages)
|
| 336 |
|
|
|a text
|2 rdacontent
|
| 337 |
|
|
|a computer
|2 rdamedia
|
| 338 |
|
|
|a online resource
|2 rdacarrier
|
| 588 |
|
|
|a Description based on print version record.
|
| 590 |
|
|
|a Electronic reproduction. Ann Arbor, MI : ProQuest, 2016. Available via World Wide Web. Access may be limited to ProQuest affiliated libraries.
|
| 610 |
2 |
0 |
|a Singareni Collieries Company.
|
| 650 |
|
0 |
|a Organizational change
|x Management.
|
| 650 |
|
0 |
|a Industrial management.
|
| 655 |
|
4 |
|a Electronic books.
|
| 700 |
1 |
|
|a Khwaja, R. H.,
|e author.
|
| 776 |
0 |
8 |
|i Print version:
|a Siddiqui, Moid, 1944-
|t Acrobatic of change : concepts, techniques, strategies and execution.
|b Second edition.
|d New Delhi, India : Sage, c2014
|h xxix, 258 pages
|z 9788132119708
|w 2014022738
|
| 797 |
2 |
|
|a ProQuest (Firm)
|
| 856 |
4 |
0 |
|u https://ebookcentral.proquest.com/lib/matrademy/detail.action?docID=4520176
|z Click to View
|